000 00839cam a2200229 a 4500
001 000019149
005 20200929165932.0
008 750612s1964 sp b 000 0 spa
040 _aDO-SdBNP
_bspa
_dDLC
_dBNPHU
082 _a978.9
_bP514e
100 1 _aPeñuelas, Marcelino C.,
_d1916-
_941209
245 1 3 _aLo español en el suroeste de los Estados Unidos /
_cMarcelino C. Peñuelas.
260 _aMadrid, España :
_bEdiciones Cultura Hispánica,
_c1964.
300 _a295 p. ;
_c21 cm.
504 _aIncluye referencias bibliográficas : p. [287]-295.
650 4 _aEspañoles en nuevo méxico
_941210
650 4 _aEspañoles
_zSuroeste
_941211
651 4 _aEstados Unidos
_xCivilización
_xInfluencias Españolas
_941212
650 4 _aEspañoles en estados unidos
_941213
910 _aCatalogación derivada / LC
049 _aBNGR
999 _c18667
_d18667